[Event "9. Copenhagen Open Politiken Cup"]
[Site "Copenhagen"]
[Date "1987.??.??"]
[Round "3"]
[White "Rodgaard, John"]
[Black "Hazai, Laszlo"]
[Result "1/2-1/2"]
[WhiteElo "2370"]
[BlackElo "2465"]
[PlyCount "136"]
[EventDate "1987.??.??"]
[EventType "swiss"]
[EventRounds "10"]
[EventCountry "DEN"]
[SourceDate "2004.01.01"]

1. Nf3 Nf6 2. d4 g6 3. g3 Bg7 4. Bg2 O-O 5. O-O d6 6. b3 e5 7. dxe5 dxe5 8. Ba3
Qxd1 9. Rxd1 Re8 10. Bb2 Nc6 11. Na3 e4 12. Nd4 Nxd4 13. Bxd4 b6 14. c4 Bb7 15.
Nc2 Rad8 16. Bc3 Ng4 17. Bxg7 Kxg7 18. h3 Ne5 19. Ne3 f5 20. Kf1 Kf6 21. Rac1
c5 22. Ke1 g5 23. Rxd8 Rxd8 24. Rd1 Rd4 25. Nc2 Rxd1+ 26. Kxd1 f4 27. Bf1 Ng6
28. e3 f3 29. Na3 a6 30. Nb1 h5 31. Nc3 Bc6 32. Kd2 h4 33. g4 Ke5 34. Na4 Kd6
35. Nxb6 Ne7 36. Nd5 Bxd5 37. cxd5 a5 38. Bc4 Ng6 39. Ke1 Ne5 40. Kf1 a4 41.
Bb5 a3 42. Ba6 Nd7 43. Bb5 Nf6 44. Bc6 Ke5 45. Ba8 Ne8 46. Ke1 Kd6 47. Bc6 Nf6
48. Kf1 Ng8 49. Ke1 Nh6 50. Kf1 Nf7 51. Bb5 Ne5 52. Ba6 Nd7 53. Bb5 Nb6 54. Bc4
Ke5 55. Ke1 Nd7 56. Kd2 Nf6 57. Bf1 Nxd5 58. Kc2 Kd6 59. Bc4 Nb4+ 60. Kb1 Kc6
61. Bf1 Kb6 62. Bc4 Ka5 63. Bf1 Nd5 64. Kc2 Kb4 65. Ba6 Nc3 66. Bb7 c4 67. bxc4
Kxc4 68. Bc8 Kb4 1/2-1/2

[Event "9. Copenhagen Open Politiken Cup"]
[Site "Copenhagen"]
[Date "1987.??.??"]
[Round "3"]
[White "Sorensen, Henrik"]
[Black "Way, J."]
[Result "1/2-1/2"]
[WhiteElo "2250"]
[BlackElo "2300"]
[PlyCount "52"]
[EventDate "1987.??.??"]
[EventType "swiss"]
[EventRounds "10"]
[EventCountry "DEN"]
[SourceDate "2004.01.01"]

1. d4 d5 2. Nf3 Nc6 3. Bf4 Bg4 4. Nbd2 e6 5. c3 Nf6 6. h3 Bh5 7. e3 Bd6 8. Bd3
Nd7 9. Bxd6 cxd6 10. e4 Bg6 11. Qe2 O-O 12. O-O dxe4 13. Nxe4 Bxe4 14. Qxe4 Nf6
15. Qh4 h6 16. Rad1 Qa5 17. Bb1 Ne7 18. Rfe1 Rac8 19. Nd2 Qg5 20. Qxg5 hxg5 21.
Nf3 g4 22. hxg4 Nxg4 23. g3 g6 24. Kg2 Kg7 25. Ng5 Rh8 26. Rh1 d5 1/2-1/2

[Event "9. Copenhagen Open Politiken Cup"]
[Site "Copenhagen"]
[Date "1987.??.??"]
[Round "4"]
[White "Berg, Klaus"]
[Black "Lukacs, Peter"]
[Result "1/2-1/2"]
[WhiteElo "2365"]
[BlackElo "2500"]
[PlyCount "30"]
[EventDate "1987.??.??"]
[EventType "swiss"]
[EventRounds "10"]
[EventCountry "DEN"]
[SourceDate "2004.01.01"]

1. c4 Nf6 2. Nf3 c5 3. Nc3 Nc6 4. e3 e6 5. d4 d5 6. cxd5 exd5 7. Be2 a6 8. O-O
Bd6 9. dxc5 Bxc5 10. a3 O-O 11. b4 Ba7 12. Bb2 Re8 13. Rc1 Bg4 14. Na4 Ne4 15.
Nc5 Bxc5 1/2-1/2

[Event "9. Copenhagen Open Politiken Cup"]
[Site "Copenhagen"]
[Date "1987.??.??"]
[Round "4"]
[White "Clausen, Steen"]
[Black "Hamann, Svend"]
[Result "0-1"]
[WhiteElo "2270"]
[BlackElo "2385"]
[PlyCount "134"]
[EventDate "1987.??.??"]
[EventType "swiss"]
[EventRounds "10"]
[EventCountry "DEN"]
[SourceDate "2004.01.01"]

1. d4 Nf6 2. Nf3 g6 3. c4 Bg7 4. g3 O-O 5. Bg2 d5 6. cxd5 Nxd5 7. O-O c5 8.
dxc5 Na6 9. e4 Ndb4 10. Nc3 Nxc5 11. Be3 b6 12. a3 Nbd3 13. Qc2 Be6 14. b4 Bb3
15. Qd2 Na4 16. Nxa4 Bxa4 17. Bh6 Bxa1 18. Bxf8 Bf6 19. Bh6 Rc8 20. Qe3 Bb2 21.
Qg5 e5 22. Qxd8+ Rxd8 23. Bh3 Bd7 24. Bxd7 Rxd7 25. a4 Nxb4 26. Rb1 Nd3 27. Ne1
Nxe1 28. Rxb2 f6 29. h4 Kf7 30. Rb5 Nf3+ 31. Kg2 Nd4 32. Rb2 Nc6 33. Rc2 Rd6
34. Be3 Ke6 35. f4 Kd7 36. Kf2 Rd3 37. Rd2 Rxd2+ 38. Bxd2 Kd6 39. Ke3 Kc5 40.
Kd3 exf4 41. gxf4 f5 42. Be3+ Kd6 43. exf5 gxf5 44. Kc4 Ne7 45. Bc1 Nd5 46. Bd2
h5 47. Bc1 a6 48. Bd2 Nc7 49. Bb4+ Ke6 50. Kd4 Nd5 51. Bd2 Ne7 52. Be1 Ng6 53.
Bg3 Kd6 54. Be1 Kc6 55. Bg3 a5 56. Kc4 Nf8 57. Kd4 Nd7 58. Bh2 b5 59. axb5+
Kxb5 60. Kd5 Nf6+ 61. Ke6 Ng4 62. Bg1 Kc4 63. Kxf5 a4 64. Ke4 Nf6+ 65. Ke5 Nd7+
66. Ke4 Nc5+ 67. Ke5 Nb3 0-1

[Event "9. Copenhagen Open Politiken Cup"]
[Site "Copenhagen"]
[Date "1987.??.??"]
[Round "4"]
[White "Conquest, Stuart"]
[Black "Nilsson, Nils Specht"]
[Result "1-0"]
[WhiteElo "2445"]
[BlackElo "2230"]
[PlyCount "89"]
[EventDate "1987.??.??"]
[EventType "swiss"]
[EventRounds "10"]
[EventCountry "DEN"]
[SourceDate "2004.01.01"]

1. d4 Nf6 2. c4 e6 3. g3 d5 4. Nf3 dxc4 5. Bg2 c5 6. O-O Nc6 7. Ne5 Nxe5 8.
dxe5 Qxd1 9. Rxd1 Nd5 10. Na3 Be7 11. Nxc4 O-O 12. Nd6 Rd8 13. Bd2 Rb8 14. Rac1
b6 15. a3 f6 16. Nxc8 Rbxc8 17. e4 Nc7 18. Bf4 Rxd1+ 19. Rxd1 Rd8 20. Rxd8+
Bxd8 21. exf6 gxf6 22. Bf1 Kf7 23. Kg2 Ke7 24. e5 Nd5 25. exf6+ Kxf6 26. Bc1
Ke5 27. Bd3 Nf6 28. Kf3 Kd4 29. Ba6 Nd5 30. h4 c4 31. h5 Kd3 32. Bh6 Nc7 33.
Bb7 Nd5 34. Bg7 Kc2 35. h6 b5 36. Bc6 a6 37. Ke4 Nf6+ 38. Ke5 Kxb2 39. Bxf6
Bxf6+ 40. Kxf6 c3 41. Be4 c2 42. Bxc2 Kxc2 43. Kg7 a5 44. Kxh7 b4 45. axb4 1-0

[Event "9. Copenhagen Open Politiken Cup"]
[Site "Copenhagen"]
[Date "1987.??.??"]
[Round "4"]
[White "Crawley, Gavin"]
[Black "Jansa, Vlastimil"]
[Result "0-1"]
[WhiteElo "2345"]
[BlackElo "2465"]
[PlyCount "138"]
[EventDate "1987.??.??"]
[EventType "swiss"]
[EventRounds "10"]
[EventCountry "DEN"]
[SourceDate "2004.01.01"]

1. e4 c5 2. Nf3 e6 3. d4 cxd4 4. Nxd4 Nf6 5. Nc3 d6 6. Bc4 Be7 7. a3 O-O 8. Ba2
Nc6 9. Be3 Nxd4 10. Bxd4 b5 11. Qd3 a6 12. f4 Bb7 13. f5 e5 14. Be3 Rc8 15. Bd5
Bxd5 16. exd5 e4 17. Qd2 Ng4 18. O-O Bf6 19. Rae1 Rc4 20. Nd1 Re8 21. h3 Nxe3
22. Nxe3 Rd4 23. Qf2 Bg5 24. Rd1 Rxd1 25. Nxd1 e3 26. Qe2 Qb6 27. Rf3 Qc5 28.
Nc3 Bf6 29. Nd1 Bg5 30. Nc3 h6 31. Kh1 Bf6 32. Nd1 Qxd5 33. Nxe3 Bxb2 34. c4
Qe5 35. Qd3 Bd4 36. Ng4 Qe1+ 37. Rf1 Qe4 38. Qg3 Be5 39. Nxe5 Qxe5 40. Qd3 Rc8
41. cxb5 axb5 42. Rd1 Rc6 43. Qd5 Ra6 44. Qxe5 dxe5 45. Rd8+ Kh7 46. Rd5 f6 47.
Rxb5 Rxa3 48. Kh2 h5 49. g4 Kh6 50. Rb7 h4 51. Rf7 Ra2+ 52. Kg1 Re2 53. Re7 Re3
54. Kh2 e4 55. Rf7 Ra3 56. Re7 Ra4 57. Kg2 Ra2+ 58. Kg1 Re2 59. Rf7 Re3 60. Kh2
Rb3 61. Re7 Rb4 62. Kg2 Kg5 63. Rxg7+ Kf4 64. g5 Rb2+ 65. Kg1 e3 66. gxf6 Kf3
67. Re7 Rb1+ 68. Kh2 Rb5 69. Rg7 e2 0-1

[Event "9. Copenhagen Open Politiken Cup"]
[Site "Copenhagen"]
[Date "1987.??.??"]
[Round "4"]
[White "Danielsen, Henrik"]
[Black "Stein, Bernd"]
[Result "0-1"]
[WhiteElo "2405"]
[BlackElo "2385"]
[PlyCount "68"]
[EventDate "1987.??.??"]
[EventType "swiss"]
[EventRounds "10"]
[EventCountry "DEN"]
[SourceDate "2004.01.01"]

1. d4 Nf6 2. Nf3 e6 3. g3 c5 4. Bg2 cxd4 5. Nxd4 a6 6. c4 Qc7 7. Qa4 Nc6 8.
Nxc6 dxc6 9. Bd2 Bd7 10. O-O Be7 11. Qc2 c5 12. Bc3 O-O 13. Nd2 Bc6 14. e4 Nd7
15. f4 f5 16. Bh3 g6 17. g4 Bd6 18. gxf5 gxf5 19. Rf2 Bxf4 20. Rg2+ Kf7 21.
Rg7+ Ke8 22. Qd1 Bxh2+ 23. Kh1 Be5 24. Qh5+ Kd8 25. Rd1 Bxc3 26. bxc3 Qf4 27.
Nf3 Kc8 28. Ng5 Nf6 29. Qh6 Kb8 30. Bg2 Ka7 31. Rb1 Rab8 32. Re7 Rg8 33. Rxe6
Rg6 34. Qh2 Qxh2+ 0-1

[Event "9. Copenhagen Open Politiken Cup"]
[Site "Copenhagen"]
[Date "1987.??.??"]
[Round "4"]
[White "Hazai, Laszlo"]
[Black "Fries Nielsen, Jens Ove"]
[Result "1/2-1/2"]
[WhiteElo "2465"]
[BlackElo "2350"]
[PlyCount "57"]
[EventDate "1987.??.??"]
[EventType "swiss"]
[EventRounds "10"]
[EventCountry "DEN"]
[SourceDate "2004.01.01"]

1. e4 c5 2. Nf3 d6 3. d4 cxd4 4. Nxd4 Nf6 5. Nc3 Nc6 6. Bg5 e6 7. Qd2 a6 8.
O-O-O h6 9. Be3 Be7 10. f4 Bd7 11. Bd3 b5 12. Kb1 Qc7 13. Rhe1 Nxd4 14. Bxd4 b4
15. Ne2 e5 16. Bf2 O-O 17. Bh4 a5 18. Ng3 a4 19. fxe5 dxe5 20. Rf1 Nd5 21. Bxe7
Nxe7 22. Qxb4 Be6 23. Qa3 Rab8 24. Ka1 Nc6 25. c3 Na5 26. Nf5 Nc4 27. Bxc4 Qxc4
28. Rfe1 Rfd8 29. Ne7+ 1/2-1/2

[Event "9. Copenhagen Open Politiken Cup"]
[Site "Copenhagen"]
[Date "1987.??.??"]
[Round "4"]
[White "Horvath, Gyula"]
[Black "Bartels, Hans A"]
[Result "1/2-1/2"]
[WhiteElo "2435"]
[BlackElo "2315"]
[PlyCount "44"]
[EventDate "1987.??.??"]
[EventType "swiss"]
[EventRounds "10"]
[EventCountry "DEN"]
[SourceDate "2004.01.01"]

1. Nf3 Nf6 2. c4 e6 3. g3 d5 4. Bg2 Be7 5. O-O O-O 6. b3 c5 7. Bb2 Nc6 8. cxd5
Nxd5 9. Nc3 Bf6 10. Qc1 b6 11. Nxd5 Bxb2 12. Qxb2 exd5 13. d4 Qf6 14. Qa3 cxd4
15. Rad1 Bg4 16. Qa4 Rad8 17. Rfe1 Rfe8 18. Nxd4 Nxd4 19. Qxd4 Qxd4 20. Rxd4
Rxe2 21. Rxe2 Bxe2 22. Rxd5 Rxd5 1/2-1/2

[Event "9. Copenhagen Open Politiken Cup"]
[Site "Copenhagen"]
[Date "1987.??.??"]
[Round "4"]
[White "Horvath, Tamas"]
[Black "Poulsen, Allan"]
[Result "1-0"]
[WhiteElo "2395"]
[BlackElo "2330"]
[PlyCount "67"]
[EventDate "1987.??.??"]
[EventType "swiss"]
[EventRounds "10"]
[EventCountry "DEN"]
[SourceDate "2004.01.01"]

1. e4 e6 2. d4 d5 3. Nd2 c5 4. exd5 Qxd5 5. Ngf3 cxd4 6. Bc4 Qd6 7. O-O Nf6 8.
Nb3 Nc6 9. Nbxd4 Nxd4 10. Nxd4 Bd7 11. a4 Qc7 12. b3 O-O-O 13. Qe2 h5 14. Rd1
Ng4 15. g3 e5 16. Nb5 Bxb5 17. Rxd8+ Qxd8 18. axb5 Bc5 19. Kg2 Qd7 20. Ba3 Bxf2
21. Rf1 Bb6 22. Bc1 h4 23. Rxf7 h3+ 24. Kf3 Nxh2+ 25. Qxh2 Qd1+ 26. Ke4 Qxc1
27. Be6+ Kb8 28. g4 Qe3+ 29. Kf5 Bc7 30. g5 g6+ 31. Kxg6 Qe4+ 32. Bf5 Qh4 33.
Rxc7 Qh7+ 34. Rxh7 1-0

[Event "9. Copenhagen Open Politiken Cup"]
[Site "Copenhagen"]
[Date "1987.??.??"]
[Round "4"]
[White "Hutters, Tomas"]
[Black "Agustsson, Johannes"]
[Result "0-1"]
[WhiteElo "2335"]
[BlackElo "2275"]
[PlyCount "38"]
[EventDate "1987.??.??"]
[EventType "swiss"]
[EventRounds "10"]
[EventCountry "DEN"]
[SourceDate "2004.01.01"]

1. d4 Nf6 2. Nc3 e6 3. e4 d5 4. e5 Ng8 5. f4 Ne7 6. Bd3 Nbc6 7. Nf3 Nf5 8. Ne2
h5 9. c3 Qd7 10. g3 Be7 11. Kf2 b6 12. h3 Bb7 13. g4 Nh4 14. Nxh4 Bxh4+ 15. Kg2
Be7 16. Ng3 hxg4 17. hxg4 O-O-O 18. b4 f6 19. Be3 fxe5 0-1

[Event "9. Copenhagen Open Politiken Cup"]
[Site "Copenhagen"]
[Date "1987.??.??"]
[Round "4"]
[White "Iskov, Gert"]
[Black "Nielsen, Jorgen G"]
[Result "1/2-1/2"]
[WhiteElo "2330"]
[BlackElo "2245"]
[PlyCount "31"]
[EventDate "1987.??.??"]
[EventType "swiss"]
[EventRounds "10"]
[EventCountry "DEN"]
[SourceDate "2004.01.01"]

1. e4 e5 2. Nf3 Nc6 3. Bc4 d6 4. c3 Qe7 5. O-O g6 6. d4 Bg7 7. Bg5 Nf6 8. Bd5
Nd8 9. Nbd2 O-O 10. Re1 Ne6 11. Bxe6 Qxe6 12. Nf1 h6 13. Bxf6 Qxf6 14. Ne3 c6
15. Qd2 Qf4 16. Rad1 1/2-1/2

[Event "9. Copenhagen Open Politiken Cup"]
[Site "Copenhagen"]
[Date "1987.??.??"]
[Round "4"]
[White "Jakobsen, Ole"]
[Black "Bjerring, Kai"]
[Result "1/2-1/2"]
[WhiteElo "2400"]
[BlackElo "2280"]
[PlyCount "37"]
[EventDate "1987.??.??"]
[EventType "swiss"]
[EventRounds "10"]
[EventCountry "DEN"]
[SourceDate "2004.01.01"]

1. Nf3 Nf6 2. g3 g6 3. Bg2 Bg7 4. O-O O-O 5. d4 d5 6. c4 dxc4 7. Na3 Nc6 8.
Nxc4 Be6 9. b3 Bd5 10. Bb2 a5 11. Rc1 a4 12. bxa4 Ra6 13. a3 Qa8 14. Ne3 Be4
15. Nd2 Bxg2 16. Nxg2 Rxa4 17. e3 Rd8 18. Qc2 e6 19. Rfd1 1/2-1/2

[Event "9. Copenhagen Open Politiken Cup"]
[Site "Copenhagen"]
[Date "1987.??.??"]
[Round "4"]
[White "Karlsson, Lars"]
[Black "Hoi, Carsten"]
[Result "1-0"]
[WhiteElo "2480"]
[BlackElo "2355"]
[PlyCount "101"]
[EventDate "1987.??.??"]
[EventType "swiss"]
[EventRounds "10"]
[EventCountry "DEN"]
[SourceDate "2004.01.01"]

1. c4 Nf6 2. g3 g6 3. Bg2 Bg7 4. Nc3 O-O 5. Nf3 d6 6. O-O Nc6 7. Rb1 e5 8. d3
a5 9. a3 h6 10. Ne1 Bd7 11. b4 axb4 12. axb4 Qc8 13. e4 Bh3 14. Nc2 Kh7 15. Bb2
Qd7 16. Ra1 h5 17. b5 Ne7 18. d4 Rxa1 19. Bxa1 Bxg2 20. Kxg2 exd4 21. Nxd4 Ng4
22. Nf3 Ra8 23. Bb2 Ne5 24. Nxe5 Bxe5 25. Qb3 Qe6 26. f4 Bd4 27. f5 Qe5 28.
fxg6+ Kxg6 29. Rf4 Rf8 30. Nd1 Bxb2 31. Nxb2 Kg7 32. Nd3 Qe6 33. Qc3+ f6 34.
Qd4 Ra8 35. Rf2 Ng6 36. c5 h4 37. b6 h3+ 38. Kg1 dxc5 39. Nxc5 Qxb6 40. Qd7+
Kh8 41. Qxh3+ Kg7 42. Qd7+ Kh6 43. Ne6 Rg8 44. Qf7 Qb1+ 45. Rf1 Qb6+ 46. Kg2
Qb2+ 47. Rf2 Nh4+ 48. Kh3 Qxf2 49. Qxg8 Qg2+ 50. Kxh4 Qxh2+ 51. Kg4 1-0

[Event "9. Copenhagen Open Politiken Cup"]
[Site "Copenhagen"]
[Date "1987.??.??"]
[Round "4"]
[White "Kristensen, Kaare Hove"]
[Black "Sorensen, Henrik"]
[Result "1-0"]
[WhiteElo "2330"]
[BlackElo "2250"]
[PlyCount "87"]
[EventDate "1987.??.??"]
[EventType "swiss"]
[EventRounds "10"]
[EventCountry "DEN"]
[SourceDate "2004.01.01"]

1. e4 c5 2. Nf3 e6 3. d4 cxd4 4. Nxd4 Nf6 5. Nc3 Nc6 6. Ndb5 d6 7. Bf4 e5 8.
Bg5 a6 9. Na3 b5 10. Nd5 Be7 11. Bxf6 gxf6 12. c3 f5 13. Bd3 f4 14. g3 fxg3 15.
hxg3 Rb8 16. Nc2 Bg5 17. Qh5 Be6 18. f4 exf4 19. gxf4 Be7 20. O-O-O Kd7 21. Be2
Kc8 22. Bf3 f6 23. Bg4 Qd7 24. Bxe6 Qxe6 25. Nd4 Nxd4 26. Rxd4 Bd8 27. f5 Qe5
28. Qh6 Rb7 29. Rg1 Bb6 30. Nxb6+ Rxb6 31. Qg7 Re8 32. Qa7 Rb7 33. Qxa6 Kb8 34.
Qxd6+ Qxd6 35. Rxd6 Rxe4 36. Rxf6 b4 37. cxb4 Rexb4 38. b3 Rf4 39. Rg2 h5 40.
Rf8+ Ka7 41. f6 h4 42. Rg7 h3 43. Rxb7+ Kxb7 44. Rh8 1-0

[Event "9. Copenhagen Open Politiken Cup"]
[Site "Copenhagen"]
[Date "1987.??.??"]
[Round "4"]
[White "Plachetka, Jan"]
[Black "Hvenekilde, Jorgen"]
[Result "1-0"]
[WhiteElo "2435"]
[BlackElo "2295"]
[PlyCount "67"]
[EventDate "1987.??.??"]
[EventType "swiss"]
[EventRounds "10"]
[EventCountry "DEN"]
[SourceDate "2004.01.01"]

1. e4 e5 2. Nf3 d6 3. Bc4 Nc6 4. O-O g6 5. c3 Bg7 6. d4 exd4 7. cxd4 Nge7 8.
Nc3 O-O 9. h3 a6 10. a3 b5 11. Ba2 Bb7 12. Be3 b4 13. Nd5 bxa3 14. bxa3 Nxd5
15. Bxd5 Na5 16. Bxb7 Nxb7 17. Rb1 Qc8 18. Qb3 Nd8 19. Rfe1 Qd7 20. d5 c5 21.
dxc6 Nxc6 22. Qd5 Rac8 23. Red1 Rfe8 24. Rb6 Ne5 25. Nxe5 Rxe5 26. Qxd6 Qxd6
27. Rbxd6 Bf8 28. Rxa6 Rxe4 29. Kf1 Rec4 30. a4 Rc2 31. Rd2 h5 32. Rxc2 Rxc2
33. Ra8 Kg7 34. a5 1-0

[Event "9. Copenhagen Open Politiken Cup"]
[Site "Copenhagen"]
[Date "1987.??.??"]
[Round "4"]
[White "Rodgaard, John"]
[Black "Lanc, Alois"]
[Result "1/2-1/2"]
[WhiteElo "2370"]
[BlackElo "2495"]
[PlyCount "122"]
[EventDate "1987.??.??"]
[EventType "swiss"]
[EventRounds "10"]
[EventCountry "DEN"]
[SourceDate "2004.01.01"]

1. c4 Nf6 2. Nf3 e6 3. g3 Be7 4. Bg2 c6 5. d4 d5 6. Nbd2 Nbd7 7. O-O O-O 8. b3
a5 9. Qc2 a4 10. Rb1 axb3 11. axb3 Re8 12. Bb2 h6 13. Ra1 Rxa1 14. Rxa1 Nb8 15.
c5 Na6 16. Bc3 Bd7 17. e3 Nc7 18. Ne5 Rf8 19. f4 Be8 20. b4 Nd7 21. Ndf3 f5 22.
Nxd7 Bxd7 23. Ne5 Be8 24. Qe2 Bf6 25. Be1 Bxe5 26. fxe5 Bg6 27. Ra2 Qe7 28. Bf3
Qf7 29. h4 Qe7 30. Qh2 Rb8 31. Ra7 Qe8 32. Qe2 Nb5 33. Ra4 Bf7 34. Qd1 Qd7 35.
Qa1 Qe8 36. Qd1 Kh7 37. Ra2 Ra8 38. Rxa8 Qxa8 39. Be2 g5 40. hxg5 hxg5 41. Qd2
Kh8 42. Qd1 Bg6 43. Kf2 Kg7 44. Kg1 Nc7 45. Qd2 Qh8 46. Qd1 Nb5 47. Bf3 Qh6 48.
Qd2 Bh5 49. Bg2 Qg6 50. Qf2 Qe8 51. Qa2 f4 52. gxf4 gxf4 53. Qf2 fxe3 54. Qxe3
Qg6 55. Kh2 Qg4 56. Bf2 Bg6 57. Qg3 Qxg3+ 58. Kxg3 Bf5 59. Kf4 Kg6 60. Bf1 Na3
61. Be1 Nb5 1/2-1/2

[Event "9. Copenhagen Open Politiken Cup"]
[Site "Copenhagen"]
[Date "1987.??.??"]
[Round "4"]
[White "Way, J."]
[Black "Knudsen, Jes West"]
[Result "0-1"]
[WhiteElo "2300"]
[BlackElo "2215"]
[PlyCount "68"]
[EventDate "1987.??.??"]
[EventType "swiss"]
[EventRounds "10"]
[EventCountry "DEN"]
[SourceDate "2004.01.01"]

1. c4 f5 2. Nf3 Nf6 3. g3 g6 4. Bg2 Bg7 5. O-O d6 6. Nc3 O-O 7. d3 e5 8. Rb1 h6
9. b4 Nh5 10. Bd2 Nc6 11. b5 Ne7 12. Nd5 Nxd5 13. cxd5 a6 14. bxa6 Rxa6 15. Qb3
Kh7 16. Rfc1 g5 17. Qc4 Rf7 18. h3 f4 19. g4 Nf6 20. Nxe5 dxe5 21. d6 Qe8 22.
dxc7 e4 23. dxe4 Rc6 24. Qd3 Rd7 25. Qa3 Rxd2 26. Rxc6 Qxc6 27. e5 Qc2 28. Rb4
Qd1+ 29. Kh2 Qxe2 30. Qf3 Qxe5 31. Rxb7 Bxb7 32. Qxb7 f3+ 33. Kg1 Rd1+ 34. Bf1
Rxf1+ 0-1

[Event "9. Copenhagen Open Politiken Cup"]
[Site "Copenhagen"]
[Date "1987.??.??"]
[Round "4"]
[White "Wicker, Kevin J"]
[Black "Rewitz, Poul"]
[Result "1-0"]
[WhiteElo "2295"]
[BlackElo "2250"]
[PlyCount "59"]
[EventDate "1987.??.??"]
[EventType "swiss"]
[EventRounds "10"]
[EventCountry "DEN"]
[SourceDate "2004.01.01"]

1. d4 g6 2. c4 Bg7 3. Nc3 d6 4. e4 Nc6 5. d5 Nd4 6. Be3 e5 7. Nge2 Bg4 8. Qd2
Bxe2 9. Nxe2 Qh4 10. Nxd4 exd4 11. Bf4 Be5 12. g3 Bxf4 13. gxf4 Nf6 14. O-O-O
O-O 15. f3 c5 16. dxc6 bxc6 17. e5 dxe5 18. fxe5 Nh5 19. Rg1 c5 20. Rg4 Qe7 21.
f4 Rab8 22. Bd3 Rb4 23. Rdg1 Rfb8 24. b3 R8b6 25. f5 Qxe5 26. Re1 Qb8 27. Qh6
Kh8 28. fxg6 fxg6 29. Bxg6 Nf6 30. Re8+ 1-0

[Event "9. Copenhagen Open Politiken Cup"]
[Site "Copenhagen"]
[Date "1987.??.??"]
[Round "4"]
[White "Yrjola, Jouni"]
[Black "Mortensen, Erling"]
[Result "0-1"]
[WhiteElo "2415"]
[BlackElo "2440"]
[PlyCount "84"]
[EventDate "1987.??.??"]
[EventType "swiss"]
[EventRounds "10"]
[EventCountry "DEN"]
[SourceDate "2004.01.01"]

1. d4 Nf6 2. c4 g6 3. Nc3 Bg7 4. e4 d6 5. f4 c5 6. d5 O-O 7. Nf3 e6 8. Be2 exd5
9. cxd5 b5 10. e5 dxe5 11. fxe5 Ng4 12. O-O Nxe5 13. Nxb5 Nbd7 14. a4 a6 15.
Nc3 Rb8 16. Kh1 Nxf3 17. Bxf3 Rb4 18. Be3 Re8 19. Bg1 Rxb2 20. Ne4 Rb4 21. Nd6
Rf8 22. Rc1 Bd4 23. Nc4 Bxg1 24. Kxg1 Bb7 25. a5 Qg5 26. Kh1 Rd8 27. d6 Ne5 28.
Bxb7 Nxc4 29. Qf3 Ne5 30. Qd5 Rd4 31. Qxc5 R4xd6 32. Rce1 f6 33. g3 Rd2 34.
Bxa6 Rxh2+ 35. Kxh2 Ng4+ 36. Kh3 Qxc5 37. Kxg4 Qh5+ 38. Kf4 Qf5+ 39. Ke3 Re8+
40. Kd4 Qd7+ 41. Kc3 Rxe1 42. Rxe1 Qa4 0-1

[Event "9. Copenhagen Open Politiken Cup"]
[Site "Copenhagen"]
[Date "1987.??.??"]
[Round "5"]
[White "Becx, Cesar"]
[Black "Jakobsen, Ole"]
[Result "1-0"]
[WhiteElo "2295"]
[BlackElo "2400"]
[PlyCount "105"]
[EventDate "1987.??.??"]
[EventType "swiss"]
[EventRounds "10"]
[EventCountry "DEN"]
[SourceDate "2004.01.01"]

1. f4 d5 2. Nf3 g6 3. g3 Bg7 4. Bg2 c6 5. d3 Nd7 6. Nc3 d4 7. Ne4 Nh6 8. e3
dxe3 9. c3 Ng4 10. h3 Nf2 11. Nxf2 exf2+ 12. Kxf2 Nc5 13. Bf1 Bf5 14. d4 Ne4+
15. Kg2 Qd7 16. Be3 f6 17. Bd3 Nd6 18. Bxf5 gxf5 19. Qd3 e6 20. Rad1 O-O-O 21.
c4 Kb8 22. Qc2 h5 23. h4 Rhg8 24. Kh2 Bh6 25. Rhg1 Ne4 26. Nd2 Qh7 27. Nxe4
fxe4 28. Qa4 a6 29. Qa5 Qc7 30. Qxh5 Rh8 31. Qg6 Qe7 32. Qxe4 Qf7 33. Bf2 Qh5
34. d5 exd5 35. Qd4 Qf3 36. Qa7+ Kc8 37. Qa8+ Kc7 38. Qa7 Rd7 39. cxd5 Rxd5 40.
Bb6+ Kd6 41. Bc5+ Ke6 42. f5+ Qxf5 43. Qxb7 Qc2+ 44. Kh3 Qxc5 45. Rge1+ Kf5 46.
Qf7 Be3 47. g4+ Ke5 48. Rc1 Qd4 49. Qe7+ Kf4 50. Rf1+ Bf2 51. Rxf2+ Qxf2 52.
Qxf6+ Ke3 53. Rc3+ 1-0

[Event "9. Copenhagen Open Politiken Cup"]
[Site "Copenhagen"]
[Date "1987.??.??"]
[Round "5"]
[White "Bjerring, Kai"]
[Black "Crawley, Gavin"]
[Result "0-1"]
[WhiteElo "2280"]
[BlackElo "2345"]
[PlyCount "102"]
[EventDate "1987.??.??"]
[EventType "swiss"]
[EventRounds "10"]
[EventCountry "DEN"]
[SourceDate "2004.01.01"]

1. e4 c5 2. Nf3 d6 3. d4 cxd4 4. Nxd4 Nf6 5. Nc3 Nc6 6. Bc4 Qb6 7. Nb3 e6 8.
Be3 Qc7 9. f4 a6 10. Qf3 d5 11. exd5 Nb4 12. Bd3 exd5 13. O-O Be7 14. Bd4 O-O
15. Rae1 a5 16. Qe3 Nc6 17. Bxf6 Bxf6 18. Nxd5 Qd6 19. Nxf6+ Qxf6 20. c3 h6 21.
f5 Rd8 22. Bb1 b6 23. Qxb6 a4 24. Nd4 Ra6 25. Qc5 Nxd4 26. cxd4 Rad6 27. Rf4
Bb7 28. Be4 Rxd4 29. g3 Bxe4 30. Rfxe4 Rxe4 31. Rxe4 Qxb2 32. Re1 Qxa2 33. f6
Qd2 34. Rf1 Qd4+ 35. Qxd4 Rxd4 36. fxg7 a3 37. Ra1 Ra4 38. Ra2 Kxg7 39. Kf2 Kf6
40. Ke3 h5 41. Kd2 Kg5 42. Ke3 Kg4 43. Kf2 Kf5 44. Ke3 Ke5 45. Kd3 Kd5 46. Kc3
Ke4 47. Re2+ Kf3 48. Ra2 Re4 49. Kd3 Ra4 50. Kc3 f5 51. Kb3 Re4 0-1

[Event "9. Copenhagen Open Politiken Cup"]
[Site "Copenhagen"]
[Date "1987.??.??"]
[Round "5"]
[White "Brinck Claussen, Bjorn"]
[Black "Karlsson, Lars"]
[Result "1-0"]
[WhiteElo "2395"]
[BlackElo "2480"]
[PlyCount "77"]
[EventDate "1987.??.??"]
[EventType "swiss"]
[EventRounds "10"]
[EventCountry "DEN"]
[SourceDate "2004.01.01"]

1. e4 e6 2. d4 d5 3. Nd2 Nf6 4. e5 Nfd7 5. c3 c5 6. f4 Nc6 7. Ndf3 Qb6 8. g3 f5
9. Ne2 a5 10. Bh3 h5 11. Bg2 a4 12. h3 a3 13. b3 cxd4 14. Nexd4 Nc5 15. Ng5
Nxd4 16. Qxd4 Qa6 17. Be3 Bd7 18. Rd1 Be7 19. Kf2 Rc8 20. g4 Bxg5 21. fxg5 O-O
22. gxf5 Rxf5+ 23. Kg3 Bb5 24. c4 dxc4 25. bxc4 Bxc4 26. Rd2 Bd5 27. Bxd5 exd5
28. Qxd5+ Ne6 29. Rb1 Rd8 30. Qxb7 h4+ 31. Kg4 Qxb7 32. Rxd8+ Nxd8 33. Rxb7
Rxe5 34. Rb8 Rxe3 35. Rxd8+ Kf7 36. Rd7+ Kf8 37. Kxh4 Re2 38. Kh5 Rxa2 39. Rc7
1-0

[Event "9. Copenhagen Open Politiken Cup"]
[Site "Copenhagen"]
[Date "1987.??.??"]
[Round "5"]
[White "Danielsen, Henrik"]
[Black "Grooten, Herman"]
[Result "0-1"]
[WhiteElo "2405"]
[BlackElo "2340"]
[PlyCount "64"]
[EventDate "1987.??.??"]
[EventType "swiss"]
[EventRounds "10"]
[EventCountry "DEN"]
[SourceDate "2004.01.01"]

1. d4 Nf6 2. Nf3 e6 3. g3 b5 4. Bg2 Bb7 5. O-O d6 6. Bg5 Nbd7 7. Nbd2 Be7 8. c3
O-O 9. e3 a6 10. Qe2 Ne4 11. Bxe7 Qxe7 12. a4 Nxd2 13. Nxd2 Bxg2 14. Kxg2 c6
15. Ra2 Nb6 16. axb5 axb5 17. Rfa1 Qb7 18. Ne4 Rxa2 19. Rxa2 Rd8 20. Qh5 h6 21.
Qh4 Rd7 22. Qh5 Nc4 23. Kg1 c5 24. Qf3 Kh8 25. g4 b4 26. cxb4 cxb4 27. g5 b3
28. Ra1 Nxb2 29. Qg4 Nd3 30. Rb1 b2 31. Nf6 Rc7 32. e4 Rc1+ 0-1